000 00618nas a2200229 4500
001 BR8806936
003 BR-BrBNA
005 20231205091354.0
007 ta
008 230509b bl.|||p| |||| 00| 00por d
040 _aBR-BrBNA
_bpor
_cBiblioteca Nacional de Agricultura
041 _a(Pt)
072 _aL73
100 1 _aAnon.
245 1 _aLinfadenite caseosa
650 _aDOENCA ANIMAL
650 _aLINFADENITE CASEOSA
650 _aZOOTECNIA
773 0 _tCabras e Bodes (Brazil)
_xISSN 0102-7344
_g(1988), v. 4(15) p. 20
_wBR8806936
909 _a202311
_bLúcia
_c55
_dLúcia Elande
942 _2AGRIS
_n0
_cANA
999 _c124651
_d124651